00562 2200205 4500001002100000005001500021035002000036007000300056008003900059020001900098082000800117084001400125100001600139245008300155250001300238260003900251300003600290520001100326990001900337INLIS00000000000442620230906072315 a0010-0923000033ta230906 | | |  a978979534515-2 a031 a031 TOM c0 aTom Jackson1 aChemistry Matters : Atom and Molecules :bSeri Ensiklopedia IPA /cTom Jackson aCet.2.-- aBandung. :bPT. Pakar Raya,c2007. a73 hlm. :bilus. ;c21 x 29 cm. aIndeks a13716/P/B/2016